000 00338nam a2200145 i 4500
001 bg
100 1 _aPIASECKI, B.
245 0 _aFotogrametria lotnicza i naziemna /
_cB. Piasecki.
250 _aWyd.2 uzup.
260 _aWarszawa,
_c1968.
040 _cBPK
041 _apol
942 _cKS
008 s pl f |000 0 pol
999 _c10121
_d10121
856 _uhttp://koha.tu.koszalin.pl/cgi-bin/koha/opac-detail.pl?biblionumber=10121
_yKatalog online BPK